1 Photo / 10 Questions (#5) - Statistics

General Stats
  • This quiz has been taken 22 times
  • The average score is 6 of 10
Answers on the Map
Answers color-coded by a green-red scale on the quiz's map according to % correct below.
 
Answer Stats
Answer % Correct
Europe
94%
2
89%
Chișinău
78%
Romanian | Moldovan
78%
Soviet Union
78%
Christianity | Eastern Orthodox
67%
Eagle
67%
Black Sea
61%
Leu
17%
Auroch
6%
No matching quizzes found
Score Distribution
Percent of People with Each Score
Percentile by Number Answered
Your Score History
You have not taken this quiz